<?xml version="1.0" encoding="UTF-8"?>
<record
    xmlns:xsi="http://www.w3.org/2001/XMLSchema-instance"
    xsi:schemaLocation="http://www.loc.gov/MARC21/slim http://www.loc.gov/standards/marcxml/schema/MARC21slim.xsd"
    xmlns="http://www.loc.gov/MARC21/slim">

  <leader>00639nam a2200193Ia 4500</leader>
  <controlfield tag="001">IA_3736,13/08/2007,27/04/2012,0000002004                          mx A   0000000000spa00,"</controlfield>
  <controlfield tag="002">M&#xE9;xico / por Martin Velasquez Matus</controlfield>
  <controlfield tag="008">220117so /     xx            000 0 und d</controlfield>
  <datafield tag="010" ind1=" " ind2=" ">
    <subfield code="a">183077</subfield>
  </datafield>
  <datafield tag="090" ind1=" " ind2=" ">
    <subfield code="a">Tesis 858</subfield>
  </datafield>
  <datafield tag="100" ind1=" " ind2=" ">
    <subfield code="a">Velasquez Matus</subfield>
    <subfield code="9">155224</subfield>
  </datafield>
  <datafield tag="260" ind1=" " ind2=" ">
    <subfield code="a">Chapingo</subfield>
    <subfield code="c">o / </subfield>
  </datafield>
  <datafield tag="300" ind1=" " ind2=" ">
    <subfield code="a">84 p.</subfield>
  </datafield>
  <datafield tag="502" ind1=" " ind2=" ">
    <subfield code="a">Tesis (Ing. Agr&#xF3;nomo Especialista en Ingenier&#xED;a Agroindustrial) UACh</subfield>
  </datafield>
  <datafield tag="650" ind1=" " ind2=" ">
    <subfield code="a">Zarzamora</subfield>
    <subfield code="9">123730</subfield>
  </datafield>
  <datafield tag="904" ind1=" " ind2=" ">
    <subfield code="a">o / </subfield>
  </datafield>
  <datafield tag="942" ind1=" " ind2=" ">
    <subfield code="c">Departamento de Ingenieria Agroindustrial</subfield>
  </datafield>
  <datafield tag="999" ind1=" " ind2=" ">
    <subfield code="c">183077</subfield>
    <subfield code="d">183077</subfield>
  </datafield>
</record>
